Statistics for USMC Facts/Trivia

Click here to take the quiz!

General Stats

  • This quiz has been taken 136 times
    (102 since last reset)
  • The average score is 11 of 18

Answer Stats

HintAnswer% Correct
Marine Corps motto in EnglishAlways Faithful
86%
Marine Corps motto in LatinSemper Fidelis
85%
Marine Corps symbolEagle, Globe, and Anchor
83%
Marine Corps birthdayNovember 10th, 1775
83%
Training depot if you live west of the MississippiMCRD San Diego
82%
Training depot if you live east of the Mississippi or is femaleMCRD Parris Island
80%
Marine Corps departmentDepartment of the Navy
74%
Marine Corps nickname given by German soldiers during WWIDevil Dogs
74%
"Goodnight ______, wherever you are"Chesty
59%
Marine Corps camouflage patternMARPAT
53%
City where the Marine Corps was foundedPhiladelphia
52%
Marine Corps headquartersQuantico
52%
^Adopted when?2002
47%
Marine Corps mascotEnglish Bulldog
39%
Marine Corps colorsScarlet and Gold
33%
What was the name of the mountain where the flag was raised on Iwo Jima?Mount Suribachi
30%
^German word for the aboveTeufel Hunden
30%
Credited founder of the Marine CorpsCaptain Samuel Nicholas
24%

Score Distribution

Percentile by Number Answered

Percent of People with Each Score

Your Score History

You have not taken this quiz since the last reset